| 000 | 01051nam a22002177a 4500 | ||
|---|---|---|---|
| 999 |
_c7409 _d7409 |
||
| 001 | 21024 | ||
| 003 | BD-DhUAP | ||
| 005 | 20210121130537.0 | ||
| 008 | 210121s2020 bg a|||| |||| 00| 0 ben d | ||
| 020 | _a9847007609409 | ||
| 040 |
_aBD-DhUAP _bBen _cBD-DhUAP _dBD-DhUAP |
||
| 082 |
_223 _a923.15492 JAT |
||
| 245 |
_aজাতির পিতা : _bতাঁর সারা জীবন / _cহাশেম খান ... [এবং অন্যান্য] কর্তৃক সম্পাদিত। |
||
| 260 |
_aঢাকা : _bবাংলাদেশ শিশু একাডেমি, _c২০২০। |
||
| 300 |
_a৪৮০ পৃষ্ঠা : _bচিত্র ; _c২৯ সেমি.। |
||
| 490 | _aজাতির পিতা বঙ্গবন্ধু শেখ মুজিবুর রহমান শিশু-গ্রন্থমালা-১। | ||
| 600 |
_aRahman, Bangabandhu Sheikh Mujibur _d1920-1975 _vBiography. |
||
| 650 |
_aPolitician _vBiography. |
||
| 700 | _aখান, হাশেম। | ||
| 942 |
_2ddc _cBK |
||